Statistics for Countries with a Population Between 1 and 5 Million

Click here to take the quiz!

General Stats

  • This quiz has been taken 35 times
  • The average score is 20 of 36

Answer Stats

Population (millions)Country% Correct
1.304Estonia
88%
2.864Lithuania
84%
4.140Croatia
81%
1.911Latvia
81%
2.082Slovenia
81%
2.087North Macedonia
78%
2.938Albania
75%
3.502Bosnia and Herzegovina
72%
2.906Jamaica
72%
4.030Moldova
72%
1.638Bahrain
69%
4.999Costa Rica
69%
4.847Ireland
69%
2.744Qatar
69%
3.482Uruguay
69%
2.937Armenia
66%
3.904Georgia
63%
4.226Panama
63%
2.228Gambia
59%
4.792New Zealand
59%
4.249Kuwait
56%
1.352Timor-Leste
53%
2.293Lesotho
50%
1.415Eswatini
47%
1.198Cyprus
44%
1.375Trinidad and Tobago
44%
1.954Guinea-Bissau
41%
4.978Liberia
41%
1.360Equatorial Guinea
38%
2.109Gabon
34%
3.166Mongolia
34%
4.661Mauritania
28%
4.826Central African Republic
25%
2.375Botswana
22%
1.271Mauritius
22%
2.642Namibia
22%

Score Distribution

Percentile by Number Answered

Percent of People with Each Score

Your Score History

You have not taken this quiz